[Event "POR-chT"]
[Site "Porto"]
[Date "2012.07.28"]
[Round "8.5"]
[White "Pereira, Ricardo Joao Correi"]
[Black "Hammes, Michael"]
[Result "0-1"]
[WhiteElo "1946"]
[BlackElo "2377"]
[PlyCount "84"]
[EventDate "2012.07.21"]
[EventType "team-tourn"]
[EventRounds "9"]
[EventCountry "POR"]
[SourceTitle "CBM 149 Extra"]
[Source "ChessBase"]
[SourceDate "2012.08.24"]
[SourceVersion "1"]
[SourceVersionDate "2012.08.24"]
[SourceQuality "1"]
[WhiteTeam "Santoantoniense"]
[BlackTeam "Albufeira"]
[WhiteTeamCountry "POR"]
[BlackTeamCountry "POR"]

1. d4 e6 2. g3 Nf6 3. Nf3 b5 4. Bg2 Bb7 5. 0-0 c5 6. c3 d5 7. Bf4 Be7 8. Nbd2 0-0 9. Ne5 Qb6 10. dxc5 Bxc5 11. Nb3 Be7 12. Qd3 Nbd7 13. Nxd7 Nxd7 14. e4 Nf6 15. exd5 Bxd5 16. Bxd5 Nxd5 17. Be5 Rfd8 18. Bd4 Qc6 19. Rfe1 a6 20. Qe4 Rac8 21. a3 Bf8 22. Rad1 Qc7 23. f4 Nb6 24. f5 exf5 25. Qxf5 Nc4 26. Re2 Qd7 27. Qf2 Re8 28. Rde1 Rxe2 29. Rxe2 Re8 30. Nc1 Rxe2 31. Qxe2 Qe6 32. Qxe6 fxe6 33. Nd3 Bd6 34. Bc5 Nxb2 35. Bxd6 Nxd3 36. Kf1 Kf7 37. Ke2 e5 38. Bc5 Nb2 39. Ke3 Ke6 40. Ke4 Nc4 41. Bb4 a5 42. Bf8 g6 0-1

[Event "POR-chT"]
[Site "Porto"]
[Date "2012.07.21"]
[Round "1.4"]
[White "Taboas Rodriguez, Daniel"]
[Black "Pereira, Ricardo Joao Correi"]
[Result "1-0"]
[WhiteElo "2401"]
[BlackElo "1946"]
[PlyCount "55"]
[EventDate "2012.07.21"]
[EventType "team-tourn"]
[EventRounds "9"]
[EventCountry "POR"]
[SourceTitle "CBM 149 Extra"]
[Source "ChessBase"]
[SourceDate "2012.08.24"]
[SourceVersion "1"]
[SourceVersionDate "2012.08.24"]
[SourceQuality "1"]
[WhiteTeam "Coimbra"]
[BlackTeam "Santoantoniense"]
[WhiteTeamCountry "POR"]
[BlackTeamCountry "POR"]

1. d4 d6 2. Nf3 Nf6 3. c4 g6 4. Nc3 Bg7 5. e4 0-0 6. Be2 Nbd7 7. 0-0 e5 8. Be3 Qe7 9. d5 Nc5 10. Nd2 a5 11. a3 Bd7 12. b4 Na6 13. Rb1 axb4 14. axb4 c6 15. c5 cxd5 16. Nxd5 Nxd5 17. exd5 Rfe8 18. Nc4 dxc5 19. bxc5 Bf5 20. Rb6 Red8 21. Nd6 Bc8 22. Qb3 Rxd6 23. Rxd6 e4 24. Qb6 Bf5 25. c6 bxc6 26. Rxc6 Nb8 27. Rc7 Qa3 28. Qb7 1-0

[Event "POR-chT2 final"]
[Site "Torres Vedras"]
[Date "2011.07.30"]
[Round "2.1"]
[White "Pereira, Ricardo Joao Correi"]
[Black "Pires, Emanuel Joao Robart"]
[Result "0-1"]
[WhiteElo "1967"]
[BlackElo "2043"]
[PlyCount "96"]
[EventDate "2011.07.30"]
[EventType "team-tourn"]
[EventRounds "3"]
[EventCountry "POR"]
[SourceTitle "EXT 2015"]
[Source "ChessBase"]
[SourceDate "2014.11.20"]
[SourceVersion "1"]
[SourceVersionDate "2014.11.20"]
[SourceQuality "1"]
[WhiteTeam "Madeira Sao Joao"]
[BlackTeam "Luis de Camoes"]
[WhiteTeamCountry "POR"]
[BlackTeamCountry "POR"]

1. d4 d5 2. Nf3 Nf6 3. c4 e6 4. Nc3 a6 5. cxd5 exd5 6. Bg5 Be7 7. e3 c6 8. Bd3 0-0 9. 0-0 Nbd7 10. Qc2 h6 11. Bh4 Re8 12. Rab1 Ne4 13. Bxe7 Qxe7 14. b4 Nf8 15. a4 Ng6 16. b5 axb5 17. axb5 Ra3 18. Rb3 Rxb3 19. Qxb3 Bg4 20. Bxe4 dxe4 21. Nd2 Be6 22. Qc2 Bd5 23. Nxd5 cxd5 24. Qc5 Qg5 25. Qc7 Nh4 26. Qg3 Qh5 27. Rc1 Re6 28. Qb8+ Kh7 29. Nf1 Qe2 30. Qd8 Rf6 31. Qxf6 gxf6 32. Rc5 Qg4 33. Ng3 Qd1+ 34. Nf1 Qb3 35. h3 b6 36. Rc6 Qxb5 37. Rxf6 Kg7 38. Rf4 Ng6 39. Rf5 Qd7 40. Ng3 b5 41. Nh5+ Kh8 42. Rf6 Qc7 43. Rf5 b4 44. Rxd5 b3 45. Rb5 b2 46. g3 Qc1+ 47. Kg2 b1Q 48. Rb8+ Qxb8 0-1

[Event "POR-chT 52nd"]
[Site "Vila Nova de Gaia"]
[Date "2010.07.28"]
[Round "5.3"]
[White "Pereira, Ricardo Joao Correi"]
[Black "Diogo, Vasco Andre Marcalo"]
[Result "0-1"]
[WhiteElo "1960"]
[BlackElo "2293"]
[PlyCount "82"]
[EventDate "2010.07.24"]
[EventType "team-tourn"]
[EventRounds "9"]
[EventCountry "POR"]
[SourceTitle "EXT 2011"]
[Source "ChessBase"]
[SourceDate "2010.11.26"]
[SourceVersion "1"]
[SourceVersionDate "2010.11.26"]
[SourceQuality "1"]
[WhiteTeam "Santoantoniense"]
[BlackTeam "Faro"]
[WhiteTeamCountry "POR"]
[BlackTeamCountry "POR"]

1. d4 d5 2. Nf3 Nf6 3. c4 c6 4. Nc3 a6 5. cxd5 cxd5 6. Bf4 Nc6 7. e3 e6 8. Bd3 Be7 9. Rc1 0-0 10. 0-0 Nh5 11. Bg3 Nxg3 12. hxg3 f5 13. Qe2 g5 14. Ne5 Nxe5 15. dxe5 Bd7 16. g4 f4 17. Bb1 Rf7 18. exf4 gxf4 19. Nxd5 Bb5 20. Nxe7+ Rxe7 21. Qe4 Bxf1 22. Rxf1 Qd2 23. Bc2 Rc8 24. Bb3 Rc1 25. Rxc1 Qxc1+ 26. Kh2 Kf8 27. Qd4 Ke8 28. Qa4+ Kd8 29. Qd4+ Ke8 30. Qa4+ Kf7 31. Qe4 Qxb2 32. Qf5+ Ke8 33. Qxf4 Rf7 34. Qa4+ b5 35. Qxa6 Qxe5+ 36. Kg1 Qe1+ 37. Kh2 Qe5+ 38. Kg1 Re7 39. Qa8+ Kf7 40. Qf3+ Kg7 41. Qc6 Rc7 0-1

[Event "POR-chT 52nd"]
[Site "Vila Nova de Gaia"]
[Date "2010.07.24"]
[Round "1.1"]
[White "Pereira, Ricardo Joao Correi"]
[Black "Frois, Antonio"]
[Result "0-1"]
[WhiteElo "1960"]
[BlackElo "2386"]
[PlyCount "44"]
[EventDate "2010.07.24"]
[EventType "team-tourn"]
[EventRounds "9"]
[EventCountry "POR"]
[SourceTitle "EXT 2011"]
[Source "ChessBase"]
[SourceDate "2010.11.26"]
[SourceVersion "1"]
[SourceVersionDate "2010.11.26"]
[SourceQuality "1"]
[WhiteTeam "Santoantoniense"]
[BlackTeam "Gaia"]
[WhiteTeamCountry "POR"]
[BlackTeamCountry "POR"]

1. d4 Nf6 2. Nf3 g6 3. c4 Bg7 4. Nc3 0-0 5. g3 d6 6. Bg2 c6 7. 0-0 Nbd7 8. e4 e5 9. h3 Re8 10. Be3 exd4 11. Nxd4 Nc5 12. Qc2 Qe7 13. f3 d5 14. cxd5 cxd5 15. Rae1 dxe4 16. fxe4 Bd7 17. Nd5 Nxd5 18. exd5 Qxe3+ 19. Rxe3 Bxd4 20. Kh1 Bxe3 21. g4 Rac8 22. Qd1 Bb5 0-1

[Event "Almada op 3rd"]
[Site "Almada"]
[Date "2007.??.??"]
[Round "3"]
[White "Pereira, Ricardo Joao Correi"]
[Black "Morais, Vitor Mestre"]
[Result "0-1"]
[WhiteElo "2008"]
[BlackElo "2058"]
[PlyCount "144"]
[EventDate "2007.??.??"]
[EventType "swiss"]
[EventRounds "7"]
[EventCountry "POR"]
[SourceTitle "EXT 2010"]
[Source "ChessBase"]
[SourceDate "2010.11.25"]
[SourceVersion "1"]
[SourceVersionDate "2010.11.25"]
[SourceQuality "1"]

1. c4 c5 2. g3 Nf6 3. Bg2 d5 4. cxd5 Nxd5 5. Nf3 Nc6 6. 0-0 Nc7 7. b3 e5 8. Bb2 Be7 9. d3 f6 10. Nbd2 0-0 11. Rc1 Be6 12. Ne4 b6 13. Nfd2 Bd5 14. Nc4 f5 15. Nc3 Bxg2 16. Kxg2 Bf6 17. e3 Qd7 18. Qe2 Rad8 19. Rfd1 Ne6 20. a4 Nb4 21. Rd2 Nxd3 22. Rcd1 Qb7+ 23. f3 Nxb2 24. Rxd8 Rxd8 25. Rxd8+ Nxd8 26. Qxb2 Qd7 27. Qc2 Nc6 28. Nb5 g6 29. Nd2 Nb4 30. Qc4+ Kg7 31. Nf1 h5 32. h3 a6 33. Nc3 Qd3 34. Qxd3 Nxd3 35. Nd5 b5 36. axb5 axb5 37. Nd2 Bd8 38. Kf1 Ba5 39. Ke2 Nc1+ 40. Kd1 Bxd2 41. Kxd2 Nxb3+ 42. Kc3 Na5 43. g4 hxg4 44. hxg4 fxg4 45. fxg4 Kh6 46. Nc7 b4+ 47. Kb2 Nc4+ 48. Kb3 Nxe3 49. Ne6 Nxg4 50. Nxc5 Nf2 51. Kxb4 Kg5 52. Kc3 Kf4 53. Ne6+ Kf3 54. Kd2 Ne4+ 55. Ke1 g5 56. Ng7 g4 57. Nf5 g3 58. Nh4+ Kg4 59. Ng2 Kh3 60. Kf1 Nd2+ 61. Kg1 Nf3+ 62. Kh1 Nh4 63. Ne1 e4 64. Kg1 Nf3+ 65. Kf1 Nxe1 66. Kg1 Nf3+ 67. Kf1 g2+ 68. Ke2 Nd4+ 69. Kd2 g1Q 70. Kc3 Qe3+ 71. Kb4 Qc1 72. Ka4 Qb2 0-1

[Event "Lisbon Absoluto AXS op"]
[Site "Lisbon"]
[Date "2006.??.??"]
[Round "7"]
[White "Barata, Pedro Miguel Ramiao"]
[Black "Pereira, Ricardo Joao Correi"]
[Result "1/2-1/2"]
[WhiteElo "2160"]
[BlackElo "1921"]
[PlyCount "178"]
[EventDate "2006.??.??"]
[EventType "swiss"]
[EventRounds "9"]
[EventCountry "POR"]
[SourceTitle "EXT 2008"]
[Source "ChessBase"]
[SourceDate "2007.11.25"]
[SourceVersion "1"]
[SourceVersionDate "2007.11.25"]
[SourceQuality "1"]

1. c4 d6 2. Nc3 Nf6 3. g3 g6 4. Bg2 Bg7 5. d3 0-0 6. Rb1 a5 7. a3 Nc6 8. Bd2 e5 9. Nf3 h6 10. b4 axb4 11. axb4 Be6 12. 0-0 Qd7 13. b5 Ne7 14. Re1 Ne8 15. Ra1 Rxa1 16. Qxa1 e4 17. dxe4 Bxc4 18. Qa7 Bxb5 19. Qxb7 Bc6 20. Qb4 Nf6 21. Rc1 Ba8 22. Qc4 Rb8 23. e5 dxe5 24. Nxe5 Qe8 25. Bxa8 Rxa8 26. Nb5 Nfd5 27. Nf3 c6 28. Nbd4 Rc8 29. Rc2 Qd7 30. Bc1 c5 31. Nb5 Nb6 32. Qd3 Ned5 33. Na3 Qa4 34. Nc4 Nxc4 35. Rxc4 Nb4 36. Qd6 Bf8 37. Qe5 Qd1+ 38. Kg2 Bg7 39. Qe7 Qd5 40. Rh4 Nc6 41. Qb7 Rb8 42. Qc7 h5 43. e4 Qe6 44. Ng5 Qe8 45. Nxf7 Rc8 46. Nd6 Qxe4+ 47. Nxe4 Rxc7 48. Bf4 Ne5 49. g4 hxg4 50. Bxe5 Bxe5 51. Rxg4 Kf7 52. Nd2 Bd4 53. Kf3 Re7 54. Nb3 Rd7 55. Ke2 Kf6 56. Nxd4 cxd4 57. Kd3 Rh7 58. h4 Ra7 59. Rxd4 Ra3+ 60. Ke2 Rh3 61. f3 Kf5 62. Ra4 Rh2+ 63. Ke3 Rh3 64. Kf2 Rh2+ 65. Kg3 Rb2 66. Rf4+ Ke5 67. Rf8 Rb6 68. Kg4 Rb1 69. f4+ Ke6 70. Kg5 Rg1+ 71. Kh6 Ke7 72. Kg7 Rg4 73. Rf7+ Ke8 74. Rf6 Rxh4 75. Kxg6 Rg4+ 76. Kf5 Rg1 77. Re6+ Kf7 78. Ra6 Rb1 79. Ra7+ Ke8 80. Kg5 Rb6 81. f5 Kf8 82. Rh7 Kg8 83. Re7 Kf8 84. Rh7 Kg8 85. Re7 Kf8 86. Ra7 Rc6 87. Ra4 Rb6 88. Rh4 Ra6 89. f6 Ra1 1/2-1/2

[Event "Coimbra Classics 2nd"]
[Site "Coimbra"]
[Date "2003.11.14"]
[Round "7"]
[White "Pereira, Ricardo Joao Correi"]
[Black "Rodrigues, Luis Eugenio"]
[Result "1/2-1/2"]
[WhiteElo "1931"]
[BlackElo "1801"]
[PlyCount "32"]
[EventDate "2003.10.31"]
[EventType "tourn"]
[EventRounds "9"]
[EventCountry "POR"]
[SourceTitle "CBM 097 Extra"]
[Source "ChessBase"]
[SourceDate "2004.01.13"]
[SourceVersion "1"]
[SourceVersionDate "2004.01.13"]
[SourceQuality "1"]

1. e4 c5 2. Nf3 d6 3. d4 cxd4 4. Nxd4 Nf6 5. Nc3 g6 6. Be3 Bg7 7. f3 Nc6 8. Qd2 0-0 9. Bc4 Bd7 10. 0-0 Rc8 11. Bb3 a6 12. a4 Ne5 13. a5 Nc4 14. Bxc4 Rxc4 15. Ra3 Qc8 16. Raa1 Rd8 1/2-1/2

[Event "Coimbra Classics 2nd"]
[Site "Coimbra"]
[Date "2003.11.09"]
[Round "6"]
[White "Felicio, Fernando"]
[Black "Pereira, Ricardo Joao Correi"]
[Result "0-1"]
[WhiteElo "1949"]
[BlackElo "1931"]
[PlyCount "74"]
[EventDate "2003.10.31"]
[EventType "tourn"]
[EventRounds "9"]
[EventCountry "POR"]
[SourceTitle "CBM 097 Extra"]
[Source "ChessBase"]
[SourceDate "2004.01.13"]
[SourceVersion "1"]
[SourceVersionDate "2004.01.13"]
[SourceQuality "1"]

1. e4 d6 2. d4 g6 3. Nc3 Bg7 4. Be2 Nf6 5. h4 h5 6. Bg5 c6 7. a4 b6 8. Bc4 0-0 9. Nge2 Nbd7 10. Nf4 Kh7 11. Qd2 e5 12. Nfe2 Qc7 13. d5 c5 14. Ng3 a6 15. Be2 Rh8 16. 0-0 c4 17. f4 Ng4 18. Bxg4 hxg4 19. f5 Nc5 20. Qe2 f6 21. fxg6+ Kxg6 22. Bd2 Rxh4 23. Nf5 Bxf5 24. Rxf5 Rah8 25. Kf2 Nxe4+ 26. Nxe4 Kxf5 27. Ng3+ Kg6 28. Qe4+ Kf7 29. Ra3 Bh6 30. Bxh6 R8xh6 31. Rc3 b5 32. axb5 axb5 33. Ra3 Qc5+ 34. Ke2 b4 35. Ra1 c3 36. Qf5 Qc4+ 37. Kf2 Qd4+ 0-1

[Event "POR-ch Aberto"]
[Site "Portugal"]
[Date "2003.??.??"]
[Round "4"]
[White "Paredes, Joao Manuel Escalei"]
[Black "Pereira, Ricardo Joao Correi"]
[Result "0-1"]
[WhiteElo "1940"]
[BlackElo "1680"]
[PlyCount "136"]
[EventDate "2003.??.??"]
[EventType "swiss"]
[EventRounds "9"]
[EventCountry "POR"]
[SourceTitle "EXT 2007"]
[Source "ChessBase"]
[SourceDate "2006.11.23"]
[SourceVersion "1"]
[SourceVersionDate "2006.11.23"]
[SourceQuality "1"]

1. e4 d6 2. d4 g6 3. Nc3 Bg7 4. Be3 Nf6 5. f3 0-0 6. Qd2 b6 7. 0-0-0 Nbd7 8. g4 c5 9. h4 h5 10. g5 Ne8 11. f4 Bb7 12. Rh2 a6 13. e5 cxd4 14. Bxd4 d5 15. Qe3 e6 16. Na4 b5 17. Nc5 Nxc5 18. Bxc5 Rc8 19. Ne2 Qc7 20. b4 a5 21. Nd4 axb4 22. Bxf8 Bxf8 23. Nb3 Qc6 24. Qd3 Qa6 25. Qxb5 Qa3+ 26. Kb1 Bc6 27. Qa5 Ba4 28. Bb5 Bxb5 29. Qxb5 Ra8 30. Qb7 Qxa2+ 31. Kc1 Ra3 32. Rd3 Ra7 33. Qb6 Nc7 34. Kd2 Na8 35. Qd4 Rc7 36. Ke3 Qa6 37. Qa1 Qb6+ 38. Kf3 Qb7 39. Qa5 d4+ 40. Kg3 Qe4 41. Rxd4 Qe3+ 42. Kg2 Rxc2+ 43. Rd2 Qxb3 44. Qd8 Rxd2+ 45. Qxd2 Qd5+ 46. Kg3 Qb3+ 47. Kg2 Nb6 48. Rh3 Qd5+ 49. Qxd5 Nxd5 50. Rb3 Bc5 51. Kf3 Bd4 52. Ke4 Bc3 53. Rb1 Nb6 54. Kd3 Na4 55. Rg1 Nb2+ 56. Kc2 Nc4 57. f5 gxf5 58. g6 Nxe5 59. gxf7+ Kxf7 60. Rg5 f4 61. Rxh5 f3 62. Kd1 b3 63. Rh7+ Kg6 64. Rb7 b2 65. Rb3 Bd4 66. Kd2 Nc4+ 67. Kd3 f2 68. Ke2 Nd2 0-1

[Event "POR-ch Aberto"]
[Site "Portugal"]
[Date "2003.??.??"]
[Round "5"]
[White "Pereira, Ricardo Joao Correi"]
[Black "Guerra, Valter Luis Goncalv"]
[Result "1/2-1/2"]
[WhiteElo "1680"]
[BlackElo "1840"]
[PlyCount "107"]
[EventDate "2003.??.??"]
[EventType "swiss"]
[EventRounds "9"]
[EventCountry "POR"]
[SourceTitle "EXT 2007"]
[Source "ChessBase"]
[SourceDate "2006.11.23"]
[SourceVersion "1"]
[SourceVersionDate "2006.11.23"]
[SourceQuality "1"]

1. e4 c6 2. d4 d5 3. exd5 cxd5 4. Bd3 Nc6 5. c3 Nf6 6. Bf4 Bg4 7. Qb3 Qc8 8. Nd2 Bh5 9. h3 Bg6 10. Bxg6 hxg6 11. Ngf3 Nh5 12. Bh2 Qe6+ 13. Kd1 Qd7 14. Re1 e6 15. Ne5 Nxe5 16. Bxe5 Be7 17. Nf3 Nf6 18. Bxf6 Bxf6 19. Ne5 Bxe5 20. Rxe5 0-0-0 21. Kc2 Kb8 22. Rae1 Rc8 23. Kb1 Rc4 24. R1e2 Rhc8 25. g4 Qc7 26. Qd1 b5 27. f4 b4 28. R5e3 bxc3 29. Qb3+ Ka8 30. Rxc3 Rxc3 31. Qxc3 Qxc3 32. bxc3 Rxc3 33. f5 gxf5 34. gxf5 Rxh3 35. fxe6 fxe6 36. Rxe6 Rd3 37. Rg6 Rxd4 38. Rxg7 Rd2 39. Rd7 a5 40. Kc1 Rd4 41. Kc2 a4 42. Kc3 Rd1 43. Kc2 Ra1 44. Kb2 Rd1 45. Kc2 Rd4 46. Kc3 Rc4+ 47. Kd3 Rc5 48. Kd4 Rc2 49. Rxd5 Rxa2 50. Kc4 Kb7 51. Kb4 Kb6 52. Rb5+ Kc6 53. Rc5+ Kb6 54. Rb5+ 1/2-1/2